Flexibilné formy vzdelávania

Vymedzenie pojmov e-learning, m-learning, blended learning, dištančné vzdelávanie, distribuované vzdelávanie, flexibilné vzdelávanie, online a offline vzdelávanie a pod. Vznik rôznych foriem vzdelávania, ktoré boli založené na komunikácii formou poštovej korešpondencie, resp. formou telefonického sp...

Descrizione completa

Salvato in:
Dettagli Bibliografici
Autore principale: Hrašková, Dagmar
Natura: Capitolo di libro
Lingua:slovacco
Soggetti:
Tags: Aggiungi Tag
Nessun Tag, puoi essere il primo ad aggiungerne!!

MARC

LEADER 00000naa a2200000 4500
001 0248045
005 20181003081400.1
041 0 |a slo 
044 |a SK 
245 1 0 |a Flexibilné formy vzdelávania  |c Dagmar Hrašková 
520 |a Vymedzenie pojmov e-learning, m-learning, blended learning, dištančné vzdelávanie, distribuované vzdelávanie, flexibilné vzdelávanie, online a offline vzdelávanie a pod. Vznik rôznych foriem vzdelávania, ktoré boli založené na komunikácii formou poštovej korešpondencie, resp. formou telefonického spojenia. Obsah vzdelávania bol doručovaný aj poštou vo forme tlačených materiálov, bol vysielaný masmediálnymi prostriedkami (rozhlas a televízia). Charakteristickými črtami tohto typu vzdelávania bolo potlačenie jeho prezenčnej zložky, pretože si nevyžadovalo fyzickú prítomnosť na určitom mieste, ide o tzv. vzdelávanie na diaľku alebo dištančné vzdelávanie. 
610 2 0 |a vzdelávanie dištančné 
610 2 0 |a vzdelávanie elektronické 
610 2 0 |a flexibilita 
610 2 0 |a digitalizácia 
610 2 0 |a výučba vedecká 
100 1 |a Hrašková, Dagmar